Soil mechanics: laboratory manual
Saved in:
| Main Author: | |
|---|---|
| Format: | Book |
| Language: | English |
| Published: |
Nueva York
Oxford University Press
2016
|
| Edition: | 9a. ed |
| Subjects: | |
| Tags: |
Add Tag
No Tags, Be the first to tag this record!
|
MARC
| LEADER | 00000cam a2200000 a 4500 | ||
|---|---|---|---|
| 001 | UCC2103 | ||
| 003 | CL-VaPUC | ||
| 008 | 171230e20160000us |||||||||||||||||eng|d | ||
| 020 | |a 9780190209667 | ||
| 082 | 0 | 4 | |a 624.151 |b DAS |2 21 |
| 100 | 0 | |a Das, Braja M |e author |9 596268 | |
| 245 | 1 | 0 | |a Soil mechanics: laboratory manual |
| 250 | |a 9a. ed | ||
| 300 | |a 341 p | ||
| 942 | |c BK | ||
| 945 | |d 20171230 00:11:00 |a dcastane | ||
| 260 | |a Nueva York |b Oxford University Press |c 2016 | ||
| 650 | 7 | |a INGENIERIA GEOLOGICA |2 CL-VaPUC |9 361301 | |
| 650 | 7 | |a GEOLOGIA APLICADA |2 CL-VaPUC |9 262496 | |
| 650 | 0 | |a Suelos |9 260322 | |
| 650 | 0 | |a Propiedades mecánicas |9 262507 | |
| 583 | |a last modification |c 20180111 01:28:44 |k Rodrigo Vera | ||
| 999 | |c 370392 |d 370390 | ||
| 952 | |0 0 |1 0 |3 erb |4 0 |6 624_151000000000000_DAS_2016 |7 0 |8 A |9 486811 |a BIBING |b BIBING |i 5445515 |o 624.151 DAS 2016 |p 5445515 |r 2025-01-20 |w 2019-11-24 |y BK |z Catalogado en:20171230 |k CIC | ||
| 952 | |0 0 |1 0 |3 erb |4 0 |6 624_151000000000000_DAS_2016 |7 0 |8 A |9 486812 |a BIBING |b BIBING |i 5445507 |o 624.151 DAS 2016 |p 5445507 |r 2025-01-20 |w 2019-11-24 |y BK |z Catalogado en:20171230 |k CIC | ||
| 952 | |0 0 |1 0 |3 erb |4 0 |6 624_151000000000000_DAS_2016 |7 0 |8 A |9 486813 |a BIBING |b BIBING |i 5445493 |l 1 |m 1 |o 624.151 DAS 2016 |p 5445493 |r 2025-01-20 |s 2024-08-20 |w 2019-11-24 |y BK |z Catalogado en:20171230 |k CIC | ||